| 000 | 00751nam a2200205 a 4500 | ||
|---|---|---|---|
| 005 | 20240220063732.0 | ||
| 008 | 170824s2009 mx r 000 0 spa d | ||
| 035 | _aUPN01000219911 | ||
| 049 | _aCG | ||
| 050 | 4 |
_aLB1027 _bC5.6 |
|
| 245 | 0 | 0 |
_aCinco experiencias del trabajo docente en educación básica : _bEscuela Normal "Manual Avila Camacho" : educación física, telesecundaria, preescolar, primaria especial. |
| 260 |
_aZacatecas : _bSecretaría de Educación y Cultura : _bLa Voz de la Patria es el Maestro, _c2009. |
||
| 300 |
_a674 p. : _bil. |
||
| 650 | 4 |
_aPrácticas de la enseñanza _92849 |
|
| 650 | 4 |
_aExperiencia docente _921858 |
|
| 650 | 2 |
_aTrabajo escolar _921183 |
|
| 905 | _aLibro | ||
| 999 |
_c192010 _d192010 |
||